000
00320nam a2200109 a 4500
005
20140408090006.0
008
021022s19uu xx 00 eng d
050
_a
PGS '98
_b
CAR #8
100
_a
Carandang, Canvilla
245
_a
The Possible effect of telephone metering on the telephone habits of grade 6.
942
_c
PASS
999
_c
96111
_d
96111